00488 2200181 4500001002100000005001500021035002000036245005300056100001700109250000600126300003400132260004400166082001000210084001600220020001800236650003500254990001700289INLIS00000000000075120190223115559 a0010-02190000621 aAneka Masakan dari Sayur-sayuran /cIr. Zumrotun0 aIr. Zumrotun a- ax, 40 hlm. :bilus. ;c21 cm. aJakarta :bPT Musi Perkasa Utama,c2005 a664.8 a664.8 ZUM a a979-651-287-4 aPembuatan Makanan dari Sayuran a02778/H/2018